Welcome to the Holygrace Academy Library

Please use search bar below to get started

FAMOUSE FOLT TALES (Record no. 5438)

MARC details
000 -LEADER
fixed length control field 00303nam a22001337a 4500
020 ## - INTERNATIONAL STANDARD BOOK NUMBER
ISBN 817920425-1
082 ## - DEWEY DECIMAL CLASSIFICATION NUMBER
Classification number 823
Item number SHA/F
245 ## - TITLE STATEMENT
Title FAMOUSE FOLT TALES
260 ## - PUBLICATION, DISTRIBUTION, ETC. (IMPRINT)
Place of publication DELHI
Name of publisher SHANITI PUBLICATION
300 ## - PHYSICAL DESCRIPTION
Number of Pages 24
520 ## - SUMMARY, ETC.
Summary, etc ENGLISH SHORT STORY
650 ## - SUBJECT ADDED ENTRY--TOPICAL TERM
Topical Term ENGLISH SHORT STORY
Geographic subdivision DELHI
942 ## - ADDED ENTRY ELEMENTS (KOHA)
Koha item type Books
Holdings
Withdrawn status Lost status Collection code Home library Current library Shelving location Date acquired Source of acquisition Cost, normal purchase price Full call number Accession Number Koha item type
    Fiction Main Library Main Library SHELF 3- I- ENGLISH CHILDRENS LITERATURE &MYTHOLOGY 15/12/2016 PURCHASE 30.00 823 SHA/F 09967 Books